[Event "Minsk Corporative"]
[Site "Minsk"]
[Date "2020.12.05"]
[Round "3.1"]
[White "Yezhel, Valiantsin"]
[Black "Rosikhin, Igor"]
[Result "1-0"]
[WhiteElo "2092"]
[BlackElo "1959"]
[PlyCount "47"]
[EventDate "2020.12.05"]
[EventType "team-swiss (rapid)"]
[EventRounds "7"]
[EventCountry "BLR"]
[SourceTitle "CBM 199 Extra"]
[Source "ChessBase"]
[SourceDate "2021.01.31"]
[SourceVersion "1"]
[SourceVersionDate "2021.01.31"]
[SourceQuality "1"]

1. d4 g6 2. c4 Bg7 3. Nc3 c5 4. Nf3 Nf6 5. d5 0-0 6. e4 d6 7. Bd3 Bg4 8. h3 Bxf3 9. Qxf3 Nbd7 10. Qe2 a6 11. 0-0 e5 12. dxe6 fxe6 13. f4 Nh5 14. Kh2 Qh4 15. Qg4 Qe7 16. Be3 Nhf6 17. Qe2 Nb8 18. Rad1 Nc6 19. Bc2 Nd4 20. Qd2 b5 21. cxb5 axb5 22. Bxd4 cxd4 23. Nxb5 Nxe4 24. Bxe4 1-0

[Event "Online Olym Disabilities"]
[Site "Tornelo INT"]
[Date "2020.11.22"]
[Round "2.12"]
[White "Piekielny, Pawel"]
[Black "Rosikhin, Igor"]
[Result "1-0"]
[WhiteElo "2098"]
[BlackElo "1832"]
[PlyCount "125"]
[EventDate "2020.11.21"]
[EventType "team-swiss (rapid)"]
[EventRounds "7"]
[EventCountry "NET"]
[SourceTitle "CBM 199 Extra"]
[Source "ChessBase"]
[SourceDate "2021.01.31"]
[SourceVersion "1"]
[SourceVersionDate "2021.01.31"]
[SourceQuality "1"]
[WhiteTeam "Poland III"]
[BlackTeam "Belarus"]
[WhiteTeamCountry "POL"]
[BlackTeamCountry "BLR"]

1. e4 g6 2. d4 Bg7 3. Nc3 c5 4. Nf3 cxd4 5. Nxd4 Nc6 6. Be3 Nf6 7. f3 0-0 8. g4 Nxd4 9. Bxd4 Qa5 10. Qd2 h6 11. 0-0-0 d5 12. e5 Nd7 13. f4 Nb6 14. Qg2 Kh7 15. h4 Na4 16. Nxa4 Qxa4 17. Kb1 f5 18. h5 gxh5 19. gxh5 e6 20. Rg1 Rg8 21. Rd3 Qe8 22. Rg3 Qf7 23. c4 dxc4 24. Bxc4 Bd7 25. Qxb7 Rac8 26. Bb5 Rcd8 27. Qc7 Be8 28. Qxd8 Bxb5 29. Qa5 a6 30. Qd2 Qxh5 31. Qg2 Qf7 32. b3 Qd7 33. Rh3 Qf7 34. Bc5 Be8 35. Rg3 h5 36. Bd6 Kh8 37. Rg5 Kh7 38. Qg3 Kh8 39. Kb2 Kh7 40. Bc5 Kh8 41. Rh1 Bh6 42. Rhxh5 Qxh5 43. Rxg8+ Kh7 44. Ka3 Qf7 45. Rg5 Bxg5 46. Qxg5 Qc7 47. Qh4+ Kg7 48. Qf6+ Kh7 49. Qh4+ Kg7 50. Qg3+ Kh7 51. Qh2+ Kg7 52. Qg2+ Bg6 53. Qf2 Qa5+ 54. Kb2 Qc7 55. Bd6 Qc6 56. Be7 Kf7 57. Qh4 Qg2+ 58. Ka3 Ke8 59. Bd6 Qb7 60. Qh8+ Kd7 61. Qg7+ Kc6 62. Qxg6 Kd5 63. Qg2+ 1-0

[Event "Online Olym Disabilities"]
[Site "Tornelo INT"]
[Date "2020.11.21"]
[Round "1.28"]
[White "Rosikhin, Igor"]
[Black "Bonilla, Cesar"]
[Result "1-0"]
[WhiteElo "1832"]
[BlackElo "1172"]
[PlyCount "57"]
[EventDate "2020.11.21"]
[EventType "team-swiss (rapid)"]
[EventRounds "7"]
[EventCountry "NET"]
[SourceTitle "CBM 199 Extra"]
[Source "ChessBase"]
[SourceDate "2021.01.31"]
[SourceVersion "1"]
[SourceVersionDate "2021.01.31"]
[SourceQuality "1"]
[WhiteTeam "Belarus"]
[BlackTeam "El Salvador"]
[WhiteTeamCountry "BLR"]
[BlackTeamCountry "ESA"]

1. e4 c5 2. Nc3 Nc6 3. f4 g6 4. Nf3 Bg7 5. Bb5 a6 6. Bxc6 bxc6 7. 0-0 d6 8. d3 e5 9. fxe5 dxe5 10. Be3 Qd6 11. Na4 Ne7 12. Bxc5 Qb8 13. c4 Bf6 14. Nb6 Ra7 15. Nxc8 Rb7 16. Nxe7 Bxe7 17. Bxe7 Rxe7 18. Qd2 0-0 19. Qc3 Qb6+ 20. c5 Qc7 21. Rad1 Rd8 22. d4 f6 23. d5 cxd5 24. exd5 Qd7 25. d6 Re6 26. Kh1 Qc6 27. Qc4 Kf7 28. Ng5+ Ke8 29. Qxe6+ 1-0

[Event "Bialystok Zamenhof Memorial-C 35th"]
[Site "Bialystok"]
[Date "2017.12.29"]
[Round "6.2"]
[White "Rosikhin, Igor"]
[Black "Zarebska, Lena"]
[Result "1-0"]
[WhiteElo "1992"]
[BlackElo "1541"]
[PlyCount "107"]
[EventDate "2017.12.27"]
[EventType "swiss"]
[EventRounds "9"]
[EventCountry "POL"]
[SourceTitle "EXT 2023"]
[Source "ChessBase"]
[SourceDate "2022.10.05"]
[SourceVersion "1"]
[SourceVersionDate "2022.10.05"]
[SourceQuality "1"]

1. e4 c5 2. Nc3 Nc6 3. f4 d6 4. Nf3 Bg4 5. Bb5 e6 6. Bxc6+ bxc6 7. h3 Bxf3 8. Qxf3 Ne7 9. 0-0 d5 10. d3 Rb8 11. e5 Nf5 12. Kh2 h5 13. Na4 Qa5 14. b3 Be7 15. g3 Rh6 16. c4 Kd7 17. Qf2 d4 18. Bd2 Qd8 19. Rg1 Rg6 20. Qf3 Qh8 21. Rg2 Rh6 22. Kg1 Kc7 23. Kf1 Qg8 24. Ke2 g6 25. Rag1 Qg7 26. Kd1 Rh7 27. Kc2 Qf8 28. Re2 Qh8 29. Qf2 Kd7 30. Qe1 Qf8 31. Bc1 Qd8 32. Ba3 Ne3+ 33. Rxe3 dxe3 34. Qxe3 Ke8 35. Bxc5 a5 36. Bb6 Qc8 37. Bxa5 Kf8 38. Bb6 Kg7 39. Bc5 Bxc5 40. Nxc5 Rh8 41. d4 Ra8 42. a4 Qc7 43. Kc3 Rhd8 44. Rg2 Qb6 45. g4 hxg4 46. hxg4 Rh8 47. f5 exf5 48. gxf5 Rh5 49. fxg6 fxg6 50. Qf3 Kh6 51. Qf4+ g5 52. Qf6+ Kh7 53. Ne6 Rg8 54. Qf7+ 1-0

[Event "Bialystok Zamenhof Memorial-C 35th"]
[Site "Bialystok"]
[Date "2017.12.28"]
[Round "4.2"]
[White "Rosikhin, Igor"]
[Black "Lendzion, Kamil"]
[Result "1-0"]
[WhiteElo "1992"]
[BlackElo "1671"]
[PlyCount "103"]
[EventDate "2017.12.27"]
[EventType "swiss"]
[EventRounds "9"]
[EventCountry "POL"]
[SourceTitle "EXT 2023"]
[Source "ChessBase"]
[SourceDate "2022.10.05"]
[SourceVersion "1"]
[SourceVersionDate "2022.10.05"]
[SourceQuality "1"]

1. e4 c5 2. Nc3 a6 3. f4 d6 4. Nf3 Nc6 5. g3 Nf6 6. Bg2 e6 7. 0-0 Be7 8. d3 0-0 9. h3 Rb8 10. Ne2 d5 11. e5 Nd7 12. c3 b5 13. d4 b4 14. g4 Nb6 15. g5 g6 16. Nh2 Kg7 17. Ng4 Rh8 18. Nf6 h5 19. gxh6+ Rxh6 20. f5 exf5 21. Bxh6+ Kxh6 22. Kh1 Be6 23. cxb4 c4 24. a3 Bxf6 25. exf6 Qxf6 26. Qd2+ Qg5 27. Nf4 Kh7 28. Qf2 Qf6 29. Rad1 g5 30. Nxe6 fxe6 31. Qg3 Nc8 32. Rfe1 Rb7 33. Qf3 Qh6 34. Qe3 Re7 35. b3 Nd6 36. Qg3 f4 37. Qg4 cxb3 38. Rc1 Nxd4 39. Bxd5 e5 40. Rcd1 b2 41. Ba2 N6b5 42. Bb1+ Kg7 43. a4 Nc3 44. Rd2 Kf7 45. Rxb2 Qh4 46. Qxh4 gxh4 47. Rg2 Kf8 48. Rg4 Nxb1 49. Rxb1 f3 50. Kg1 e4 51. Rf4+ Ke8 52. Kf2 1-0

[Event "Bialystok Zamenhof Memorial-C 35th"]
[Site "Bialystok"]
[Date "2017.12.28"]
[Round "3.2"]
[White "Zeliantsova, Kseniya"]
[Black "Rosikhin, Igor"]
[Result "1-0"]
[WhiteElo "1685"]
[BlackElo "1992"]
[PlyCount "90"]
[EventDate "2017.12.27"]
[EventType "swiss"]
[EventRounds "9"]
[EventCountry "POL"]
[SourceTitle "EXT 2023"]
[Source "ChessBase"]
[SourceDate "2022.10.05"]
[SourceVersion "1"]
[SourceVersionDate "2022.10.05"]
[SourceQuality "1"]

1. c4 e5 2. Nc3 Nc6 3. g3 f5 4. Bg2 Nf6 5. d3 Bb4 6. Bg5 0-0 7. Nf3 h6 8. Bd2 Bxc3 9. Bxc3 d6 10. e3 Qe8 11. 0-0 f4 12. exf4 Qh5 13. fxe5 dxe5 14. Nxe5 Ng4 15. Nxg4 Bxg4 16. f3 Bd7 17. d4 Qf7 18. b3 Ne7 19. Qd2 Nf5 20. Rae1 c6 21. Bb4 Rfe8 22. Re4 Qf6 23. Bc3 Qf7 24. Rfe1 Nd6 25. Rxe8+ Rxe8 26. Rxe8+ Qxe8 27. d5 c5 28. Qe1 Qxe1+ 29. Bxe1 g5 30. Bc3 Nf5 31. Kf2 Kf7 32. Be5 Ne7 33. g4 b6 34. Ke3 a6 35. Bf1 Nc8 36. a4 Ne7 37. Bc7 Nc8 38. Bd3 Kf6 39. Ke4 Be8 40. Bd8+ Kf7 41. Ke5 Bd7 42. Bf5 Ke8 43. Bxd7+ Kxd7 44. Bf6 Nd6 45. Bg7 b5 1-0

[Event "Vilnius op 2nd"]
[Site "Vilnius"]
[Date "2012.12.03"]
[Round "3"]
[White "Rosikhin, Igor"]
[Black "Valantiejus, Vaidotas"]
[Result "1-0"]
[WhiteElo "2023"]
[BlackElo "1925"]
[PlyCount "43"]
[EventDate "2012.12.01"]
[EventType "swiss"]
[EventRounds "9"]
[EventCountry "LTU"]
[SourceTitle "EXT 2022"]
[Source "ChessBase"]
[SourceDate "2021.10.06"]
[SourceVersion "1"]
[SourceVersionDate "2021.10.06"]
[SourceQuality "1"]

1. e4 c5 2. Nc3 d6 3. f4 g6 4. Nf3 Bg7 5. Bb5+ Bd7 6. Bc4 Nc6 7. 0-0 Nf6 8. e5 Ng8 9. Ng5 e6 10. Nce4 Bf8 11. exd6 Nh6 12. f5 exf5 13. Qe1 Ne5 14. d4 cxd4 15. Nxh7 fxe4 16. Nf6+ Qxf6 17. Rxf6 Nxc4 18. Qxe4+ Kd8 19. Qxb7 Rc8 20. Bg5 Ke8 21. Re1+ Ne3 22. Qe4+ 1-0

[Event "Bialystok Zamenhof Memorial"]
[Site "Bialystok"]
[Date "2012.??.??"]
[Round "5"]
[White "Ptak, Krzysztof"]
[Black "Rosikhin, Igor"]
[Result "0-1"]
[WhiteElo "1534"]
[BlackElo "2023"]
[PlyCount "98"]
[EventDate "2012.12.27"]
[EventType "swiss"]
[EventRounds "9"]
[EventCountry "POL"]
[SourceTitle "CBM 152 Extra"]
[Source "ChessBase"]
[SourceDate "2013.02.25"]
[SourceVersion "1"]
[SourceVersionDate "2013.02.25"]
[SourceQuality "1"]

1. d4 g6 2. c4 Bg7 3. Nc3 c5 4. d5 Bxc3+ 5. bxc3 f5 6. e4 fxe4 7. Qc2 Qa5 8. f3 d6 9. fxe4 Bd7 10. Nf3 Ba4 11. Qd3 Nd7 12. Be2 0-0-0 13. 0-0 Ngf6 14. Bf4 Rdf8 15. e5 Nxd5 16. cxd5 Rxf4 17. Qe3 Rhf8 18. e6 Nb6 19. Qd3 c4 20. Qd2 Qxd5 21. Nd4 Rxf1+ 22. Rxf1 Rxf1+ 23. Kxf1 g5 24. Qe3 Bc6 25. Bf3 Qe5 26. Qxe5 dxe5 27. Nxc6 bxc6 28. Bxc6 Kc7 29. Be4 h6 30. Ke2 Kd6 31. Bf5 Nd5 32. Kd2 Nf4 33. g4 Nxe6 34. Bxe6 Kxe6 35. Ke2 Kd5 36. Ke3 e4 37. h3 Ke5 38. a4 a5 39. Ke2 Kf4 40. Kf2 e3+ 41. Ke2 Ke4 42. Kd1 Kd3 43. Ke1 e2 44. h4 gxh4 45. g5 hxg5 46. Kf2 h3 47. Kf3 h2 48. Kf2 e1Q+ 49. Kg2 h1Q# 0-1

[Event "IBCA Wch blind 12th"]
[Site "Belgrade"]
[Date "2010.08.30"]
[Round "5.13"]
[White "Djukic, Nebojsa"]
[Black "Rosikhin, Igor"]
[Result "1-0"]
[WhiteElo "2176"]
[BlackElo "2048"]
[PlyCount "142"]
[EventDate "2010.08.26"]
[EventType "swiss"]
[EventRounds "9"]
[EventCountry "SRB"]
[SourceTitle "EXT 2011"]
[Source "ChessBase"]
[SourceDate "2010.11.26"]
[SourceVersion "1"]
[SourceVersionDate "2010.11.26"]
[SourceQuality "1"]

1. e4 c5 2. c4 e5 3. d3 Nc6 4. Nc3 g6 5. f4 exf4 6. Bxf4 d6 7. Be2 Bg7 8. Nf3 Nge7 9. 0-0 0-0 10. Rc1 h6 11. b3 f5 12. Qd2 Kh7 13. Nb5 Ne5 14. Nxe5 dxe5 15. Be3 b6 16. Nc3 f4 17. Bf2 g5 18. Qd1 Ng6 19. Bg4 Bd7 20. Bxd7 Qxd7 21. Qh5 Rg8 22. h3 Bf6 23. Nd5 Raf8 24. Qg4 Qxg4 25. hxg4 Ne7 26. Be1 Kg6 27. Bc3 Nc6 28. Kf2 Bd8 29. Rh1 a5 30. a3 Rf7 31. Rh3 Rgg7 32. Kf3 Ra7 33. Rch1 Rh7 34. Ra1 Rhf7 35. Rh5 Rh7 36. Ra2 Rhf7 37. Rh1 Rh7 38. Raa1 Rhf7 39. Rhb1 Rfd7 40. Rh1 Rab7 41. b4 axb4 42. axb4 cxb4 43. Bxb4 Rxd5 44. exd5 Nxb4 45. Ke4 Be7 46. Ra8 Bc5 47. Re8 Re7 48. Rxe7 Bxe7 49. Kxe5 Kf7 50. Rxh6 Nxd3+ 51. Kf5 Bd8 52. Rh8 Ke7 53. Kxg5 Ne5 54. Rh7+ Kd6+ 55. Kxf4 Nxc4 56. g5 Ne5 57. Kf5 Kxd5 58. g6 Nxg6 59. Kxg6 Kc4 60. Rd7 Bh4 61. Kf5 b5 62. Ke4 b4 63. Rc7+ Kb3 64. Kd3 Bg3 65. Rb7 Bf4 66. g4 Bg5 67. Rb5 Bf6 68. g5 Bc3 69. g6 Ka3 70. Kc4 Bg7 71. Ra5+ Kb2 1-0

[Event "IBCA Champions 1st"]
[Site "Benasque"]
[Date "2000.07.14"]
[Round "9"]
[White "Rosikhin, Igor"]
[Black "Palacios Perez, Manuel"]
[Result "0-1"]
[WhiteElo "2180"]
[BlackElo "2145"]
[PlyCount "102"]
[EventDate "2000.07.06"]
[EventType "tourn"]
[EventRounds "9"]
[EventCountry "ESP"]
[SourceTitle "EXT 2007"]
[Source "ChessBase"]
[SourceDate "2006.11.23"]
[SourceVersion "1"]
[SourceVersionDate "2006.11.23"]
[SourceQuality "1"]

1. c4 g6 2. Nc3 Bg7 3. d4 d6 4. e4 Nf6 5. f3 0-0 6. Bg5 c5 7. d5 h6 8. Be3 e5 9. Qd2 Nh5 10. Nge2 Qh4+ 11. g3 Qf6 12. Bg2 g5 13. 0-0 Qg6 14. Kh1 Na6 15. a3 Bd7 16. Rfb1 g4 17. f4 f5 18. fxe5 Bxe5 19. Bxh6 Rf7 20. Qg5 Qxg5 21. Bxg5 f4 22. gxf4 Nxf4 23. Bxf4 Bxf4 24. Nxf4 Rxf4 25. Rf1 Rxf1+ 26. Rxf1 Kg7 27. Rf4 Nc7 28. Bf1 Ne8 29. Kg2 Nf6 30. Ne2 Nh5 31. Rf2 Re8 32. Nc3 a6 33. b4 b6 34. bxc5 bxc5 35. Rb2 Kf6 36. Rb6 Ke5 37. Rxa6 Nf6 38. Ra7 Kd4 39. Nb5+ Bxb5 40. cxb5 Nxe4 41. b6 Rb8 42. b7 c4 43. Be2 c3 44. Ra4+ Ke3 45. Ba6 Nd2 46. Rxg4 Ne4 47. Rg7 c2 48. Rc7 Nc5 49. Rc8 c1Q 50. Rxb8 Qb2+ 51. Kg1 Nxa6 0-1

[Event "IBCA Champions 1st"]
[Site "Benasque"]
[Date "2000.07.10"]
[Round "5"]
[White "Rosikhin, Igor"]
[Black "Wassin, Sergej"]
[Result "0-1"]
[WhiteElo "2180"]
[BlackElo "2305"]
[PlyCount "106"]
[EventDate "2000.07.06"]
[EventType "tourn"]
[EventRounds "9"]
[EventCountry "ESP"]
[SourceTitle "EXT 2007"]
[Source "ChessBase"]
[SourceDate "2006.11.23"]
[SourceVersion "1"]
[SourceVersionDate "2006.11.23"]
[SourceQuality "1"]

1. c4 c5 2. Nc3 Nf6 3. Nf3 Nc6 4. g3 d5 5. cxd5 Nxd5 6. Bg2 Nc7 7. 0-0 e5 8. d3 Be7 9. Nd2 0-0 10. Nc4 f6 11. f4 Be6 12. Kh1 Qd7 13. a4 Rad8 14. Qe1 Nd5 15. f5 Bf7 16. Ne4 Nd4 17. Qf2 Nb6 18. Na5 Nc2 19. Be3 Nxa1 20. Rxa1 Bd5 21. Nxc5 Bxg2+ 22. Qxg2 Bxc5 23. Bxc5 Rf7 24. Qe4 Qd5 25. Qxd5 Nxd5 26. Nc4 b6 27. Bf2 Rc7 28. a5 b5 29. Na3 Rb8 30. Kg2 a6 31. Kf3 Rbc8 32. Ke4 Ne7 33. Be3 Kf7 34. b4 g6 35. fxg6+ hxg6 36. Bc5 Ke6 37. Nc2 Nf5 38. Kf3 Nd6 39. e3 f5 40. d4 e4+ 41. Kg2 Nc4 42. h3 Rh7 43. Rh1 Kd5 44. Ra1 Rch8 45. Rh1 Nb2 46. Na3 Nd3 47. h4 g5 48. h5 Rxh5 49. Rxh5 Rxh5 50. Be7 f4 51. g4 f3+ 52. Kg1 f2+ 53. Kg2 Rh1 0-1